Watching the clock (Record no. 80155)
[ view plain ]
| 000 -LEADER | |
|---|---|
| fixed length control field | 01349cab a22002535a 4500 |
| 001 - CONTROL NUMBER | |
| control field | L143364 |
| 008 - FIXED-LENGTH DATA ELEMENTS--GENERAL INFORMATION | |
| fixed length control field | 080429e20080418xxk f 000 0 eng d |
| 035 ## - SYSTEM CONTROL NUMBER | |
| System control number | (Sirsi) u143364 |
| 041 0# - LANGUAGE CODE | |
| Language code of text/sound track or separate title | eng |
| 100 1# - MAIN ENTRY--PERSONAL NAME | |
| Personal name | Greer, Sarah |
| 245 00 - TITLE STATEMENT | |
| Title | Watching the clock |
| 260 ## - PUBLICATION, DISTRIBUTION, ETC. | |
| Date of publication, distribution, etc. | 2008 |
| 490 ## - SERIES STATEMENT | |
| Series statement | New Law Journal |
| Volume/sequential designation | 158(7317) 18 April 2008, 548-549(2) |
| 520 ## - SUMMARY, ETC. | |
| Summary, etc. | Examines the decision in Ashe v National Westminster Bank plc, and suggests that it may encourage lenders to evict defaulting mortgagors sooner. Presents the facts of the case. The main issue was whether the bank's rights in the property had been extinguished through adverse possession. The had delayed seeking possession for longer than the statutory 12-year limitation. Suggests that to avoid such problems, lenders should limit their right to possession to defaulted payments. Close monitoring of the limitation period and relevant issues is also advocated. |
| 590 ## - LOCAL NOTE (RLIN) | |
| Local note | KA |
| 650 24 - SUBJECT ADDED ENTRY--TOPICAL TERM | |
| Topical term or geographic name entry element | ASHE V NATIONAL WESTMINSTER BANK PLC |
| 650 24 - SUBJECT ADDED ENTRY--TOPICAL TERM | |
| Topical term or geographic name entry element | LIMITATION ACT 1980 |
| 650 24 - SUBJECT ADDED ENTRY--TOPICAL TERM | |
| Topical term or geographic name entry element | FOUR-MAIDS LTD V DUDLEY MARSHALL (PROPERTIES) LTD |
| 650 24 - SUBJECT ADDED ENTRY--TOPICAL TERM | |
| Topical term or geographic name entry element | PALK V MORTGAGE SERVICES FUNDING PLC |
| 650 24 - SUBJECT ADDED ENTRY--TOPICAL TERM | |
| Topical term or geographic name entry element | PYE V GRAHAM |
| 651 #4 - SUBJECT ADDED ENTRY--GEOGRAPHIC NAME | |
| Geographic name | England and Wales |
| Chronological subdivision | 1543- |
| 690 ## - LOCAL SUBJECT ADDED ENTRY--TOPICAL TERM (OCLC, RLIN) | |
| Topical term or geographic name as entry element | PROPERTY-RESIDENTIAL PROPERTY-RESIDENTIAL PROPERTY FINANCE AND INVESTMENT-MORTGAGING RESIDENTIAL PROPERTY |
| 942 ## - ADDED ENTRY ELEMENTS (KOHA) | |
| Suppress in OPAC | 0 |
| Withdrawn status | Lost status | Source of classification or shelving scheme | Damaged status | Not for loan | Home library | Current library | Shelving location | Date acquired | Total Checkouts | Full call number | Barcode | Date last seen | Copy number | Price effective from | Koha item type |
|---|---|---|---|---|---|---|---|---|---|---|---|---|---|---|---|
| Dewey Decimal Classification | London | London | Journal article | 29/04/2008 | L143364 | 143364-1001 | 06/08/2019 | 1 | 06/08/2019 | Journal article |